Psychiatric mental health nursing / (Record no. 357638)
[ view plain ]
| 000 -LEADER | |
|---|---|
| fixed length control field | 00748nam a2200253Ia 4500 |
| 008 - FIXED-LENGTH DATA ELEMENTS--GENERAL INFORMATION | |
| fixed length control field | 180523s9999 xx 000 0 und d |
| 020 ## - INTERNATIONAL STANDARD BOOK NUMBER | |
| International Standard Book Number | 0-7817-6033-X |
| 050 ## - LIBRARY OF CONGRESS CALL NUMBER | |
| Classification number | MAIN RC 440 |
| 050 ## - LIBRARY OF CONGRESS CALL NUMBER | |
| Item number | .V53 2006 |
| 100 ## - MAIN ENTRY--PERSONAL NAME | |
| Personal name | Videbeck, Shiela L. |
| 245 #0 - TITLE STATEMENT | |
| Title | Psychiatric mental health nursing / |
| 245 #0 - TITLE STATEMENT | |
| Statement of responsibility, etc | Sheila L. Videbeck. |
| 250 ## - EDITION STATEMENT | |
| Edition statement | 3rd Edition |
| 260 ## - PUBLICATION, DISTRIBUTION, ETC. (IMPRINT) | |
| Place of publication, distribution, etc | Philadelphia : |
| 260 ## - PUBLICATION, DISTRIBUTION, ETC. (IMPRINT) | |
| Name of publisher, distributor, etc | Lippincott Williams &Wilkins, |
| 260 ## - PUBLICATION, DISTRIBUTION, ETC. (IMPRINT) | |
| Date of publication, distribution, etc | 2006 |
| 300 ## - PHYSICAL DESCRIPTION | |
| Extent | 561 pages : |
| 300 ## - PHYSICAL DESCRIPTION | |
| Other physical details | colored illustrations ; |
| 300 ## - PHYSICAL DESCRIPTION | |
| Dimensions | 28 cm. |
| 300 ## - PHYSICAL DESCRIPTION | |
| Accompanying material | + 1 videodisc (DVD : sd., col. ; 4 3/4 in.) |
| 500 ## - GENERAL NOTE | |
| General note | Includes bibliographical references and index. |
| 650 ## - SUBJECT ADDED ENTRY--TOPICAL TERM | |
| Topical term or geographic name as entry element | Psychiatric nursing. |
| 650 ## - SUBJECT ADDED ENTRY--TOPICAL TERM | |
| General subdivision | Nursing assessment -- case studies. |
| Withdrawn status | Lost status | Damaged status | Home library | Current library | Shelving location | Date acquired | Cost, normal purchase price | Total Checkouts | Full call number | Barcode | Date last seen | Price effective from | Koha item type |
|---|---|---|---|---|---|---|---|---|---|---|---|---|---|
| South Mansfield College | South Mansfield College | 01/31/2007 | 1.00 | MAIN RC 440 .V53 2006 | SMC03538 | 05/23/2018 | 05/23/2018 |